000 nam a22 7a 4500
999 _c8405
_d8405
008 180116b ||||| |||| 00| 0 eng d
100 _aMohan.A.
_94757
245 _aExcellence in English
260 _aNew Delhi
_bPrachi
_c2009